|
|
|
|
| LEADER |
00997nam a22002417a 4500 |
| 001 |
39010 |
| 003 |
BD-DhAAL |
| 008 |
220726t2007 bg ||||| |||| 00| 0 ben d |
| 999 |
|
|
|c 44648
|d 44648
|
| 020 |
|
|
|a 984700600462
|
| 040 |
|
|
|a BD-DhAAL
|c BD-DhAAL
|
| 041 |
|
|
|a ben
|
| 082 |
|
|
|a 332.4
|2 23
|
| 100 |
|
|
|a দাশগুপ্ত, অজয়
|9 50272
|
| 245 |
|
|
|a অর্থের নীতি অর্থের নৈতিকতা /
|c অজয় দাশগুপ্ত
|
| 246 |
|
|
|a Arther nity arther nytikata
|
| 260 |
|
|
|a ঢাকা :
|b আগামী প্রকাশনী,
|c ২০০৭.
|
| 300 |
|
|
|a ৯৪ পৃষ্ঠা ;
|c ২২ সে.মি.
|
| 541 |
|
|
|a Donated By Akbar Ali Khan
|e 39010
|
| 650 |
|
|
|a Money.
|9 50273
|
| 852 |
|
|
|a Ayesha Abed Library
|c Akbar Ali Khan Collection
|
| 942 |
|
|
|2 ddc
|c BK
|
| 952 |
|
|
|0 0
|1 0
|2 ddc
|4 0
|6 332_400000000000000_DAS
|7 1
|9 71338
|a BRACUL
|b BRACUL
|c AAKC
|d 2022-07-26
|e Donated by Akbar Ali Khan
|l 0
|o 332.4 DAS
|p 3010039010
|r 2022-07-26
|t 1
|w 2022-07-26
|y BK
|